Loading...

Higher Education in India : In search of equality, quality and quantity /

Bibliographic Details
Main Author: Tilak, Jandhyala, B.G
Format: Printed Book
Published: [s.l]: Orient Black Swan
LEADER 00444nam a22001094a 4500
082 |a 378.54 TIL 
100 |a Tilak, Jandhyala, B.G. 
260 |a [s.l]:  |b Orient Black Swan 
245 |a Higher Education in India :   |b In search of equality, quality and quantity /   |c by Tilak, Jandhyala, B.G 
942 |c BK 
999 |c 249325  |d 249325 
952 |0 0  |1 0  |4 0  |6 378_540000000000000_TIL  |7 0  |9 264671  |a HIS  |b HIS  |d 2020-01-04  |l 0  |o 378.54 TIL   |p HIS12077  |r 2020-01-04  |t 1  |w 2020-01-04  |y BK